[Event "Muensterland Verbandsliga 2526"]
[Site "Germany"]
[Date "2026.02.21"]
[Round "6"]
[Board "2"]
[White "Leder, Nils"]
[Black "Eiersbrock, Marko"]
[Result "0-1"]
[WhiteElo "1886"]
[BlackElo "1859"]
[WhiteFideId "-1"]
[BlackFideId "-1"]
[PlyCount "116"]
[GameId "2283696848533353"]
[EventDate "2025.??.??"]
[EventType "team-tourn"]
[EventRounds "9"]
[EventCountry "GER"]
[SourceTitle "Verband Muensterland"]
[SourceDate "2025.11.13"]
[SourceVersion "1"]
[SourceVersionDate "2025.11.13"]
[SourceQuality "1"]
[WhiteTeam "Muenster SK IV"]
[BlackTeam "Duelmen"]
[WhiteTeamCountry "GER"]
[BlackTeamCountry "GER"]

1. Nf3 d5 2. e3 Nf6 3. c4 e6 4. Nc3 Bd6 5. b3 b6 6. cxd5 exd5 7. Bb5+ c6 8. Be2 O-O 9. O-O Nbd7 10. Bb2 Re8 11. Qc2 Nf8 12. Rfe1 Bg4 13. h3 Bh5 14. Nd4 Bxe2 15. Nxc6 Qd7 16. Nxe2 Rac8 17. Ned4 Ne6 18. Rac1 Nxd4 19. Bxd4 Rc7 20. b4 b5 21. a4 a6 22. axb5 axb5 23. Bb6 Rcc8 24. Ba5 Bc7 25. Qb2 Bd6 26. Nd4 Be5 27. Bb6 Ne4 28. d3 Nd6 29. Qb3 Rb8 30. Bc5 Nb7 31. Nf3 Bc7 32. Qb2 Ra8 33. Red1 Ra6 34. Ra1 Rf6 35. Ne1 Nxc5 36. bxc5 Qf5 37. Ra7 Bb8 38. Rb7 d4 39. Nf3 dxe3 40. fxe3 Qxc5 41. d4 Qd6 42. Qxb5 Rfe6 43. Rd3 Qg3 44. d5 Re4 45. d6 Bxd6 46. Qd5 R4e7 47. Rxe7 Bxe7 48. Qd7 Rb8 49. Rd1 Bc5 50. Qg4 Bxe3+ 51. Kh1 Qc7 52. Qe4 Bf4 53. Re1 h6 54. Qf5 Bg3 55. Rd1 Re8 56. Qd7 Qb8 57. Qd2 Qb5 58. Qd7 Re1+ 0-1

[Event "Muensterland Verbandsliga 2526"]
[Site "Germany"]
[Date "2026.02.21"]
[Round "6"]
[Board "3"]
[White "Loedding, Detlef"]
[Black "Voß, Norbert"]
[Result "1/2-1/2"]
[WhiteElo "1860"]
[BlackElo "1881"]
[WhiteFideId "-1"]
[BlackFideId "-1"]
[PlyCount "38"]
[GameId "2283697025681456"]
[EventDate "2025.??.??"]
[EventType "team-tourn"]
[EventRounds "9"]
[EventCountry "GER"]
[SourceTitle "Verband Muensterland"]
[SourceDate "2025.11.13"]
[SourceVersion "1"]
[SourceVersionDate "2025.11.13"]
[SourceQuality "1"]
[WhiteTeam "Duelmen"]
[BlackTeam "Muenster SK IV"]
[WhiteTeamCountry "GER"]
[BlackTeamCountry "GER"]

1. e4 d6 2. d4 Nf6 3. Bd3 e5 4. c3 Be7 5. f4 Bg4 6. Nf3 Nbd7 7. h3 Bxf3 8. Qxf3 c6 9. O-O Qb6 10. Qf2 O-O 11. Be3 Qc7 12. Nd2 a6 13. g4 c5 14. g5 Nh5 15. fxe5 dxe5 16. d5 b5 17. Be2 Nf4 18. Bxf4 exf4 19. Qxf4 Bd6 1/2-1/2

[Event "Muensterland Verbandsliga 2526"]
[Site "Germany"]
[Date "2026.02.21"]
[Round "6"]
[Board "4"]
[White "Vogenauer, Nikolas"]
[Black "Dieckerhoff, Stefan"]
[Result "1-0"]
[WhiteElo "1868"]
[BlackElo "1767"]
[WhiteFideId "-1"]
[BlackFideId "-1"]
[PlyCount "69"]
[GameId "2283697093818614"]
[EventDate "2025.??.??"]
[EventType "team-tourn"]
[EventRounds "9"]
[EventCountry "GER"]
[SourceTitle "Verband Muensterland"]
[SourceDate "2025.11.13"]
[SourceVersion "1"]
[SourceVersionDate "2025.11.13"]
[SourceQuality "1"]
[WhiteTeam "Muenster SK IV"]
[BlackTeam "Duelmen"]
[WhiteTeamCountry "GER"]
[BlackTeamCountry "GER"]

1. d4 Nf6 2. c4 e6 3. g3 d5 4. Bg2 Bb4+ 5. Bd2 Be7 6. Nf3 O-O 7. O-O c5 8. cxd5 exd5 9. Bf4 Nc6 10. Nc3 Bf5 11. Rc1 Rc8 12. dxc5 Bxc5 13. e3 d4 14. exd4 Nxd4 15. Nxd4 Bxd4 16. Bxb7 Rc4 17. Bg2 Bg4 18. Qb3 Be6 19. Qb5 Qc8 20. Ne2 Bxb2 21. Qxb2 Qa6 22. Nd4 Bd5 23. Rxc4 Bxc4 24. Rc1 Rd8 25. Nc6 Re8 26. Qb4 Bxa2 27. Qd6 Qe2 28. Qd2 Qxd2 29. Bxd2 a6 30. Nb4 Be6 31. Nxa6 h6 32. Nc7 Rd8 33. Bc3 Nd5 34. Bxd5 Bxd5 35. Rd1 1-0

[Event "Muensterland Verbandsliga 2526"]
[Site "Germany"]
[Date "2026.02.21"]
[Round "6"]
[Board "5"]
[White "Rebber, Christian"]
[Black "Schulz, Stefan"]
[Result "0-1"]
[WhiteElo "1799"]
[BlackElo "1859"]
[WhiteFideId "-1"]
[BlackFideId "-1"]
[PlyCount "70"]
[GameId "2283697199995326"]
[EventDate "2025.??.??"]
[EventType "team-tourn"]
[EventRounds "9"]
[EventCountry "GER"]
[SourceTitle "Verband Muensterland"]
[SourceDate "2025.11.13"]
[SourceVersion "1"]
[SourceVersionDate "2025.11.13"]
[SourceQuality "1"]
[WhiteTeam "Duelmen"]
[BlackTeam "Muenster SK IV"]
[WhiteTeamCountry "GER"]
[BlackTeamCountry "GER"]

1. e4 d5 2. exd5 Qxd5 3. Nc3 Qa5 4. d4 c6 5. Nf3 Nf6 6. Bd2 Bf5 7. Bc4 e6 8. d5 Qc5 9. dxc6 Nxc6 10. Qe2 Be7 11. Be3 Qa5 12. O-O-O O-O 13. h3 Nb4 14. Bb3 Rac8 15. Nd4 Rxc3 16. Nxf5 exf5 17. bxc3 Nxa2+ 18. Bxa2 Qxa2 19. f3 Nd5 20. Qd3 Qa3+ 21. Kd2 Rd8 22. Bd4 Bg5+ 23. Ke1 Ne3 24. f4 Bh4+ 25. Ke2 Nxd1 26. Rxd1 Qe7+ 27. Kf3 g6 28. g3 Bf6 29. Ra1 b6 30. Kf2 Bxd4+ 31. cxd4 Qd7 32. c3 Qb7 33. Re1 b5 34. Re5 b4 35. Rb5 Qh1 0-1

[Event "Muensterland Verbandsliga 2526"]
[Site "Germany"]
[Date "2026.02.21"]
[Round "6"]
[Board "6"]
[White "Voß, Andreas"]
[Black "Gehlen, Horst"]
[Result "1-0"]
[WhiteElo "1828"]
[BlackElo "1601"]
[WhiteFideId "-1"]
[BlackFideId "-1"]
[PlyCount "67"]
[GameId "2283697264704134"]
[EventDate "2025.??.??"]
[EventType "team-tourn"]
[EventRounds "9"]
[EventCountry "GER"]
[SourceTitle "Verband Muensterland"]
[SourceDate "2025.11.13"]
[SourceVersion "1"]
[SourceVersionDate "2025.11.13"]
[SourceQuality "1"]
[WhiteTeam "Muenster SK IV"]
[BlackTeam "Duelmen"]
[WhiteTeamCountry "GER"]
[BlackTeamCountry "GER"]

1. d4 d5 2. c4 e6 3. Nc3 Nf6 4. cxd5 exd5 5. Bg5 Be7 6. Qc2 c6 7. e3 Nbd7 8. Bd3 Nf8 9. f3 Ne6 10. Bh4 h6 11. Nge2 O-O 12. O-O Re8 13. Rad1 Qb6 14. Bf2 Qa5 15. Qb3 Bd7 16. Bb1 Rad8 17. Qc2 g6 18. Kh1 Kg7 19. Bg3 Nf8 20. Be5 Be6 21. Nf4 Bd6 22. Nxe6+ Rxe6 23. f4 Bxe5 24. fxe5 N6d7 25. Rf3 c5 26. Rdf1 f5 27. g4 cxd4 28. exd4 fxg4 29. Rf7+ Kg8 30. Qg2 Qb4 31. Qxg4 Nxe5 32. Rxf8+ Rxf8 33. Qxe6+ Rf7 34. dxe5 1-0

[Event "Muensterland Verbandsliga 2526"]
[Site "Germany"]
[Date "2026.02.21"]
[Round "6"]
[Board "7"]
[White "Sindermann, Erwin"]
[Black "Sokolowski, Cyril"]
[Result "1/2-1/2"]
[WhiteElo "1769"]
[BlackElo "1809"]
[WhiteFideId "-1"]
[BlackFideId "-1"]
[PlyCount "67"]
[GameId "2283697331276622"]
[EventDate "2025.??.??"]
[EventType "team-tourn"]
[EventRounds "9"]
[EventCountry "GER"]
[SourceTitle "Verband Muensterland"]
[SourceDate "2025.11.13"]
[SourceVersion "1"]
[SourceVersionDate "2025.11.13"]
[SourceQuality "1"]
[WhiteTeam "Duelmen"]
[BlackTeam "Muenster SK IV"]
[WhiteTeamCountry "GER"]
[BlackTeamCountry "GER"]

1. e4 d5 2. exd5 Qxd5 3. Nc3 Qd8 4. d4 Nf6 5. Bc4 c6 6. Nf3 Bf5 7. Ne5 e6 8. Bg5 Be7 9. O-O O-O 10. Bd3 Qxd4 11. Nf3 Qc5 12. Be3 Qa5 13. Bxf5 Qxf5 14. Nd4 Qa5 15. Nb3 Qf5 16. Nd4 Qg6 17. Qe2 Nbd7 18. f4 Rfe8 19. Qf3 Ng4 20. Kh1 Nxe3 21. Qxe3 Bc5 22. Ne4 Be7 23. Rf3 Nf6 24. f5 exf5 25. Nxf5 Nxe4 26. Qxe4 Bf6 27. Qb4 b6 28. Re1 c5 29. Qd2 h6 30. Ref1 Rad8 31. Qf2 Rd5 32. Nh4 Bxh4 33. Qxh4 Rd7 34. Qf2 1/2-1/2

[Event "Muensterland Verbandsliga 2526"]
[Site "Germany"]
[Date "2026.02.21"]
[Round "6"]
[Board "8"]
[White "Boerger, Andreas"]
[Black "Krimphove, Martin"]
[Result "1-0"]
[WhiteElo "1763"]
[BlackElo "1642"]
[WhiteFideId "-1"]
[BlackFideId "-1"]
[PlyCount "113"]
[GameId "2283697395489814"]
[EventDate "2025.??.??"]
[EventType "team-tourn"]
[EventRounds "9"]
[EventCountry "GER"]
[SourceTitle "Verband Muensterland"]
[SourceDate "2025.11.13"]
[SourceVersion "1"]
[SourceVersionDate "2025.11.13"]
[SourceQuality "1"]
[WhiteTeam "Muenster SK IV"]
[BlackTeam "Duelmen"]
[WhiteTeamCountry "GER"]
[BlackTeamCountry "GER"]

1. e4 c5 2. c4 Nc6 3. Nc3 g6 4. f4 d6 5. Nf3 Bg7 6. d3 e6 7. Be2 Nge7 8. Be3 b6 9. d4 cxd4 10. Nxd4 a6 11. O-O O-O 12. Qd2 Qc7 13. Rad1 Rd8 14. b3 Bb7 15. Bg4 Nxd4 16. Bxd4 Bxd4+ 17. Qxd4 Qc5 18. Rf2 d5 19. Qxc5 bxc5 20. exd5 exd5 21. Re2 Kf8 22. Na4 dxc4 23. Rxd8+ Rxd8 24. Nxc5 Bc8 25. Bxc8 Rxc8 26. Nd7+ Ke8 27. Nb6 Rc5 28. Nxc4 Kf8 29. g3 Nc6 30. Kg2 a5 31. h3 a4 32. Nb6 Rc1 33. Nxa4 Nb4 34. Rd2 Ra1 35. Nc3 Rc1 36. Nb5 Rc5 37. Nd4 h5 38. a3 Nd5 39. Ra2 h4 40. a4 hxg3 41. Kxg3 Rc3+ 42. Nf3 Rxb3 43. a5 Nb4 44. Ra4 Na6 45. h4 Kg7 46. f5 Kf6 47. fxg6 fxg6 48. Kg4 Rb5 49. Ng5 Nc5 50. Ra3 Rb4+ 51. Kg3 Ne4+ 52. Nxe4+ Rxe4 53. a6 Re8 54. a7 Ra8 55. Kg4 Kg7 56. Kg5 Kf7 57. Ra6 1-0

[Event "Muensterland Verbandsliga 2526"]
[Site "Germany"]
[Date "2026.02.21"]
[Round "6"]
[Board "1"]
[White "Mullink, Jochem"]
[Black "Wittek, Felix"]
[Result "1-0"]
[WhiteElo "2151"]
[BlackElo "1834"]
[WhiteFideId "-1"]
[BlackFideId "-1"]
[PlyCount "51"]
[GameId "2283691878278380"]
[EventDate "2025.??.??"]
[EventType "team-tourn"]
[EventRounds "9"]
[EventCountry "GER"]
[SourceTitle "Verband Muensterland"]
[SourceDate "2025.11.13"]
[SourceVersion "1"]
[SourceVersionDate "2025.11.13"]
[SourceQuality "1"]
[WhiteTeam "Stadtlohn"]
[BlackTeam "Suedlohn II"]
[WhiteTeamCountry "GER"]
[BlackTeamCountry "GER"]

1. e4 c5 2. Nf3 Nc6 3. Bb5 e6 4. O-O Nge7 5. Re1 a6 6. Bf1 d5 7. exd5 Nxd5 8. a4 Be7 9. Na3 O-O 10. Nc4 b6 11. d4 cxd4 12. Nxd4 Nxd4 13. Qxd4 Bc5 14. Qe5 Bb7 15. Bg5 Qd7 16. Qg3 f6 17. Bd2 b5 18. Na5 e5 19. Qb3 Kh8 20. axb5 axb5 21. Qxb5 Qxb5 22. Bxb5 Rab8 23. Nxb7 Rxb7 24. Bc6 Rxb2 25. Bxd5 Rxc2 26. Be3 1-0

[Event "Muensterland Verbandsliga 2526"]
[Site "Germany"]
[Date "2026.02.21"]
[Round "6"]
[Board "2"]
[White "Albersmann, Rene"]
[Black "Kloster, Josef"]
[Result "0-1"]
[WhiteElo "1844"]
[BlackElo "2003"]
[WhiteFideId "-1"]
[BlackFideId "-1"]
[PlyCount "72"]
[GameId "2283691878278382"]
[EventDate "2025.??.??"]
[EventType "team-tourn"]
[EventRounds "9"]
[EventCountry "GER"]
[SourceTitle "Verband Muensterland"]
[SourceDate "2025.11.13"]
[SourceVersion "1"]
[SourceVersionDate "2025.11.13"]
[SourceQuality "1"]
[WhiteTeam "Suedlohn II"]
[BlackTeam "Stadtlohn"]
[WhiteTeamCountry "GER"]
[BlackTeamCountry "GER"]

1. d4 Nf6 2. e3 e6 3. Bd3 c5 4. c3 d5 5. Nd2 Nc6 6. f4 cxd4 7. exd4 Bd6 8. Ndf3 Qe7 9. Ne5 Ne4 10. Qf3 f5 11. Qh5+ g6 12. Qh3 Qg7 13. Ngf3 Bd7 14. O-O O-O-O 15. Be3 h6 16. Nxd7 Rxd7 17. Ne5 Bxe5 18. dxe5 g5 19. Bb5 a6 20. Bxc6 bxc6 21. Qf3 gxf4 22. Bxf4 Rb7 23. Qe2 Rb6 24. Be3 c5 25. Rac1 Rc6 26. Bf4 h5 27. b4 c4 28. a4 Qb7 29. Rf3 Rc7 30. Rh3 Rg7 31. Be3 Rg4 32. Qb2 f4 33. Bf2 Ng5 34. Rxh5 Rxh5 35. Qe2 Rxg2+ 36. Kh1 Rhxh2# 0-1

[Event "Muensterland Verbandsliga 2526"]
[Site "Germany"]
[Date "2026.02.21"]
[Round "6"]
[Board "3"]
[White "Krosenbrink, Marcel"]
[Black "Harbers, Gerard"]
[Result "1/2-1/2"]
[WhiteElo "1885"]
[BlackElo "1837"]
[WhiteFideId "-1"]
[BlackFideId "-1"]
[PlyCount "28"]
[GameId "2283691878278384"]
[EventDate "2025.??.??"]
[EventType "team-tourn"]
[EventRounds "9"]
[EventCountry "GER"]
[SourceTitle "Verband Muensterland"]
[SourceDate "2025.11.13"]
[SourceVersion "1"]
[SourceVersionDate "2025.11.13"]
[SourceQuality "1"]
[WhiteTeam "Stadtlohn"]
[BlackTeam "Suedlohn II"]
[WhiteTeamCountry "GER"]
[BlackTeamCountry "GER"]

1. d4 Nf6 2. Nc3 d5 3. Bg5 e6 4. f3 c5 5. e4 cxd4 6. Qxd4 Nc6 7. Bb5 Be7 8. O-O-O O-O 9. Qd2 d4 10. Bxc6 dxc3 11. Qxd8 cxb2+ 12. Kxb2 Rxd8 13. Rxd8+ Bxd8 14. Bb5 Bd7 1/2-1/2

[Event "Muensterland Verbandsliga 2526"]
[Site "Germany"]
[Date "2026.02.21"]
[Round "6"]
[Board "4"]
[White "Emming, Benedikt"]
[Black "Te Sligte, Bert"]
[Result "1-0"]
[WhiteElo "1815"]
[BlackElo "1805"]
[WhiteFideId "-1"]
[BlackFideId "-1"]
[PlyCount "91"]
[GameId "2283691878278386"]
[EventDate "2025.??.??"]
[EventType "team-tourn"]
[EventRounds "9"]
[EventCountry "GER"]
[SourceTitle "Verband Muensterland"]
[SourceDate "2025.11.13"]
[SourceVersion "1"]
[SourceVersionDate "2025.11.13"]
[SourceQuality "1"]
[WhiteTeam "Suedlohn II"]
[BlackTeam "Stadtlohn"]
[WhiteTeamCountry "GER"]
[BlackTeamCountry "GER"]

1. e4 e5 2. Nf3 Nc6 3. Nc3 Nf6 4. d4 exd4 5. Nxd4 Bc5 6. Nxc6 bxc6 7. Bd3 d6 8. O-O O-O 9. Bg5 Re8 10. Na4 Bb6 11. Nxb6 axb6 12. Qf3 h6 13. Bxf6 Qxf6 14. Qxf6 gxf6 15. Rfe1 Ba6 16. Bxa6 Rxa6 17. a3 Ra5 18. Re3 Kg7 19. Rae1 Rc5 20. c3 Rb5 21. R3e2 Ra5 22. f4 Rc5 23. Kf2 Rd8 24. Rd1 Re8 25. Rd3 f5 26. exf5 Rxe2+ 27. Kxe2 Rxf5 28. Kf3 Ra5 29. g4 Ra8 30. h4 Kf6 31. Re3 Rc8 32. g5+ hxg5 33. fxg5+ Kg7 34. Kg4 c5 35. h5 d5 36. Kf5 d4 37. cxd4 cxd4 38. Re7 Rd8 39. Rxc7 d3 40. Rc1 Rd5+ 41. Kf4 f6 42. gxf6+ Kxf6 43. Ke3 Rxh5 44. Rc6+ Ke7 45. Rxb6 Rh3+ 46. Kd2 1-0

[Event "Muensterland Verbandsliga 2526"]
[Site "Germany"]
[Date "2026.02.21"]
[Round "6"]
[Board "5"]
[White "Bußwolder, Peter"]
[Black "Albers, Thomas"]
[Result "1/2-1/2"]
[WhiteElo "1755"]
[BlackElo "1818"]
[WhiteFideId "-1"]
[BlackFideId "-1"]
[PlyCount "50"]
[GameId "2283691878278388"]
[EventDate "2025.??.??"]
[EventType "team-tourn"]
[EventRounds "9"]
[EventCountry "GER"]
[SourceTitle "Verband Muensterland"]
[SourceDate "2025.11.13"]
[SourceVersion "1"]
[SourceVersionDate "2025.11.13"]
[SourceQuality "1"]
[WhiteTeam "Stadtlohn"]
[BlackTeam "Suedlohn II"]
[WhiteTeamCountry "GER"]
[BlackTeamCountry "GER"]

1. d4 d5 2. Bf4 Nf6 3. e3 Bf5 4. Bd3 e6 5. Nf3 c6 6. O-O Bd6 7. Ne5 Qc7 8. Bg3 Ne4 9. f4 Nxg3 10. hxg3 Bxd3 11. Nxd3 Nd7 12. Nd2 Nf6 13. Qe2 Ne4 14. Nxe4 dxe4 15. Nc5 Bxc5 16. dxc5 O-O-O 17. b4 Rd5 18. Rfd1 Rhd8 19. Rxd5 Rxd5 20. Rd1 Qd7 21. Rxd5 Qxd5 22. c4 Qd7 23. Qc2 f5 24. Kf2 a6 25. Ke2 g6 1/2-1/2

[Event "Muensterland Verbandsliga 2526"]
[Site "Germany"]
[Date "2026.02.21"]
[Round "6"]
[Board "6"]
[White "Boecker, Manfred"]
[Black "Hoetzel, Michael"]
[Result "0-1"]
[WhiteElo "1775"]
[BlackElo "1582"]
[WhiteFideId "-1"]
[BlackFideId "-1"]
[PlyCount "116"]
[GameId "2283691878278390"]
[EventDate "2025.??.??"]
[EventType "team-tourn"]
[EventRounds "9"]
[EventCountry "GER"]
[SourceTitle "Verband Muensterland"]
[SourceDate "2025.11.13"]
[SourceVersion "1"]
[SourceVersionDate "2025.11.13"]
[SourceQuality "1"]
[WhiteTeam "Suedlohn II"]
[BlackTeam "Stadtlohn"]
[WhiteTeamCountry "GER"]
[BlackTeamCountry "GER"]

1. d4 d5 2. Nf3 Nf6 3. c3 e6 4. Bg5 h6 5. Bh4 c5 6. e3 Nbd7 7. Nbd2 Qb6 8. Rb1 Bd6 9. Bd3 O-O 10. O-O Re8 11. e4 dxe4 12. Nxe4 Nxe4 13. Bxe4 cxd4 14. cxd4 Be7 15. Bg3 Nf6 16. Bc2 Bd7 17. Be5 Bc6 18. a3 Rac8 19. Ba4 Bxa4 20. Qxa4 Red8 21. b4 Nd5 22. Rbc1 Nc3 23. Qc2 Rc6 24. Qd3 Rdc8 25. Rce1 Nd5 26. h4 Rc3 27. Qe4 Rxa3 28. Qg4 Bf6 29. Nd2 Qxb4 30. Ne4 Bxe5 31. dxe5 Rc4 32. f3 Kf8 33. Rb1 Rb3 34. Rxb3 Qxb3 35. Qh5 Nf4 36. Qg4 Qe3+ 37. Kh2 Rc2 38. Rg1 Ne2 39. Rf1 Qf4+ 40. Qxf4 Nxf4 41. Kg3 Nxg2 42. Ra1 Ne3 43. Rxa7 Nf5+ 44. Kf4 Nxh4 45. Rxb7 Ng6+ 46. Ke3 Nxe5 47. f4 Ng4+ 48. Kd3 Rc6 49. Rb8+ Ke7 50. Rb7+ Ke8 51. Rb8+ Kd7 52. Kd4 Rc7 53. Rg8 g6 54. Rh8 Ke7 55. Nc5 h5 56. Ne4 Rd7+ 57. Kc4 Rd8 58. Rh7 Nf6 0-1

[Event "Muensterland Verbandsliga 2526"]
[Site "Germany"]
[Date "2026.02.21"]
[Round "6"]
[Board "7"]
[White "Van Harxen, Luc"]
[Black "Schmeing, Manfred"]
[Result "1/2-1/2"]
[WhiteElo "1542"]
[BlackElo "1686"]
[WhiteFideId "-1"]
[BlackFideId "-1"]
[PlyCount "64"]
[GameId "2283691878278392"]
[EventDate "2025.??.??"]
[EventType "team-tourn"]
[EventRounds "9"]
[EventCountry "GER"]
[SourceTitle "Verband Muensterland"]
[SourceDate "2025.11.13"]
[SourceVersion "1"]
[SourceVersionDate "2025.11.13"]
[SourceQuality "1"]
[WhiteTeam "Stadtlohn"]
[BlackTeam "Suedlohn II"]
[WhiteTeamCountry "GER"]
[BlackTeamCountry "GER"]

1. e4 g6 2. d4 Bg7 3. c3 c6 4. Nf3 d5 5. e5 Bg4 6. Be2 e6 7. Bg5 Ne7 8. Nbd2 Nd7 9. h3 Bxf3 10. Nxf3 h6 11. Bh4 Qb6 12. Bxe7 Kxe7 13. Qc2 c5 14. b3 Rac8 15. Qd2 Rc7 16. O-O Rhc8 17. Rac1 Nb8 18. Rfd1 Nc6 19. Qe3 cxd4 20. cxd4 Nb4 21. Rxc7+ Rxc7 22. Rd2 Qa5 23. a4 Qb6 24. Bd1 Rc1 25. Kh2 Qc7 26. Qe2 a6 27. Ne1 Rc3 28. f4 Kf8 29. Nd3 a5 30. Nxb4 axb4 31. Qb5 Qe7 32. Rc2 Rxc2 1/2-1/2

[Event "Muensterland Verbandsliga 2526"]
[Site "Germany"]
[Date "2026.02.21"]
[Round "6"]
[Board "8"]
[White "Musholt, Joachim"]
[Black "Duecker, Marcel"]
[Result "1-0"]
[WhiteElo "1678"]
[BlackElo "1525"]
[WhiteFideId "-1"]
[BlackFideId "-1"]
[PlyCount "115"]
[GameId "2283691878278394"]
[EventDate "2025.??.??"]
[EventType "team-tourn"]
[EventRounds "9"]
[EventCountry "GER"]
[SourceTitle "Verband Muensterland"]
[SourceDate "2025.11.13"]
[SourceVersion "1"]
[SourceVersionDate "2025.11.13"]
[SourceQuality "1"]
[WhiteTeam "Suedlohn II"]
[BlackTeam "Stadtlohn"]
[WhiteTeamCountry "GER"]
[BlackTeamCountry "GER"]

1. e4 e5 2. Nf3 d6 3. d4 Nd7 4. Nc3 Ngf6 5. Bc4 Nb6 6. Bb3 Bg4 7. Be3 Be7 8. dxe5 dxe5 9. Qxd8+ Rxd8 10. Nxe5 O-O 11. f3 Be6 12. Bxe6 fxe6 13. Bxb6 axb6 14. Ke2 Bc5 15. Nd3 Nd7 16. Rhd1 Bd6 17. g3 g6 18. Nb5 Nc5 19. Nxc5 bxc5 20. Rd2 Kf7 21. Rad1 Ke7 22. Nxd6 cxd6 23. c4 e5 24. a3 Rf6 25. Rd3 Kd7 26. Ke3 g5 27. Kd2 Kc7 28. Ke2 Rdf8 29. h3 h6 30. b4 Kc6 31. Rb1 b6 32. b5+ Kc7 33. a4 Ra8 34. Ra1 Kd7 35. Rda3 Ra5 36. Rd1 Kc7 37. Rg1 Rf7 38. h4 Ra8 39. hxg5 hxg5 40. Rh1 Kd7 41. a5 bxa5 42. Rha1 Rh7 43. Rxa5 Rxa5 44. Rxa5 Rh2+ 45. Ke3 Rb2 46. Ra7+ Ke6 47. Rh7 Rb3+ 48. Ke2 Rb2+ 49. Kd3 Rb3+ 50. Kc2 Rxf3 51. b6 Rf8 52. b7 Rb8 53. Kd3 d5 54. cxd5+ Kd6 55. Kc4 Rg8 56. Rf7 g4 57. Rh7 Rc8 58. Rh6+ 1-0

[Event "Muensterland Verbandsliga 2526"]
[Site "Germany"]
[Date "2026.03.14"]
[Round "7"]
[Board "1"]
[White "Hofene, Dieter"]
[Black "Mullink, Jochem"]
[Result "1/2-1/2"]
[WhiteElo "1951"]
[BlackElo "2151"]
[WhiteFideId "-1"]
[BlackFideId "-1"]
[PlyCount "164"]
[GameId "2287728631697438"]
[EventDate "2025.??.??"]
[EventType "team-tourn"]
[EventRounds "9"]
[EventCountry "GER"]
[SourceTitle "Verband Muensterland"]
[SourceDate "2025.11.13"]
[SourceVersion "1"]
[SourceVersionDate "2025.11.13"]
[SourceQuality "1"]
[WhiteTeam "Beelen"]
[BlackTeam "Stadtlohn"]
[WhiteTeamCountry "GER"]
[BlackTeamCountry "GER"]

1. e4 c5 2. Nc3 Nc6 3. g3 g6 4. Bg2 Bg7 5. d3 d6 6. Be3 Nf6 7. h3 O-O 8. Qd2 Re8 9. Nge2 Rb8 10. O-O b5 11. f4 b4 12. Nd1 Bb7 13. g4 Nd7 14. Ng3 Nd4 15. g5 Nb6 16. c3 bxc3 17. bxc3 Nc6 18. Rc1 Na4 19. Qf2 Ba6 20. c4 Nd4 21. f5 Be5 22. Bf4 Nb2 23. fxg6 Nxd3 24. gxf7+ Kxf7 25. Qe3 Nxf4 26. Nh5 Nde6 27. Nxf4 Nxf4 28. Rxf4+ Kg8 29. Qf3 Bxf4 30. Qxf4 e5 31. Qg3 Bc8 32. Ne3 Rb7 33. Nf5 Bxf5 34. exf5 e4 35. Rd1 Rg7 36. h4 Qf6 37. Qf4 Qe5 38. Qxe5 Rxe5 39. f6 Rd7 40. Bh3 Rd8 41. Rb1 e3 42. Bg2 Kf7 43. Kf1 Kg6 44. Rb7 h6 45. Rg7+ Kh5 46. Bf3+ Kxh4 47. g6 e2+ 48. Ke1 Rf5 49. f7 Rxf3 50. Rg8 Rd7 51. f8=Q Rxf8 52. Rxf8 Rg7 53. Rf6 h5 54. Kxe2 Kg3 55. Rf3+ Kg4 56. Rf6 h4 57. Kf2 h3 58. Rxd6 Rg8 59. Kg1 Kg3 60. Rd3+ Kf4 61. Rd6 Ke5 62. Rd5+ Ke4 63. Rd6 Kf5 64. Kh2 Rxg6 65. Rd5+ Kg4 66. Rxc5 Ra6 67. Rc8 Rxa2+ 68. Kh1 Kf4 69. Re8 a5 70. Re1 a4 71. c5 a3 72. c6 Rc2 73. Ra1 a2 74. c7 Kg3 75. Rg1+ Rg2 76. Rc1 Rc2 77. Rg1+ Rg2 78. Rc1 h2 79. Rc3+ Kf4 80. Ra3 Rc2 81. Rxa2 Rxc7 82. Kxh2 Rc6 1/2-1/2

[Event "Muensterland Verbandsliga 2526"]
[Site "Germany"]
[Date "2026.03.14"]
[Round "7"]
[Board "2"]
[White "Kloster, Josef"]
[Black "Hanewinkel, Martin"]
[Result "1/2-1/2"]
[WhiteElo "2003"]
[BlackElo "1865"]
[WhiteFideId "-1"]
[BlackFideId "-1"]
[PlyCount "49"]
[GameId "2287741520505840"]
[EventDate "2025.??.??"]
[EventType "team-tourn"]
[EventRounds "9"]
[EventCountry "GER"]
[SourceTitle "Verband Muensterland"]
[SourceDate "2025.11.13"]
[SourceVersion "1"]
[SourceVersionDate "2025.11.13"]
[SourceQuality "1"]
[WhiteTeam "Stadtlohn"]
[BlackTeam "Beelen"]
[WhiteTeamCountry "GER"]
[BlackTeamCountry "GER"]

1. e4 c5 2. Nc3 e6 3. Nf3 a6 4. d4 cxd4 5. Nxd4 Qc7 6. Be3 Nf6 7. f3 Nc6 8. Nxc6 dxc6 9. Qd2 b5 10. Rd1 e5 11. Bd3 Be6 12. O-O Be7 13. Qf2 O-O 14. a3 a5 15. Rd2 Rfb8 16. Ne2 c5 17. Ng3 c4 18. Be2 b4 19. axb4 axb4 20. f4 c3 21. bxc3 bxc3 22. Rd3 Rb2 23. f5 Bc8 24. Rc1 Raa2 25. Qe1 1/2-1/2

[Event "Muensterland Verbandsliga 2526"]
[Site "Germany"]
[Date "2026.03.14"]
[Round "7"]
[Board "3"]
[White "Hofene, Josef"]
[Black "Krosenbrink, Marcel"]
[Result "1/2-1/2"]
[WhiteElo "1798"]
[BlackElo "1885"]
[WhiteFideId "-1"]
[BlackFideId "-1"]
[PlyCount "51"]
[GameId "2287920321069671"]
[EventDate "2025.??.??"]
[EventType "team-tourn"]
[EventRounds "9"]
[EventCountry "GER"]
[SourceTitle "Verband Muensterland"]
[SourceDate "2025.11.13"]
[SourceVersion "1"]
[SourceVersionDate "2025.11.13"]
[SourceQuality "1"]
[WhiteTeam "Beelen"]
[BlackTeam "Stadtlohn"]
[WhiteTeamCountry "GER"]
[BlackTeamCountry "GER"]

1. e4 c6 2. d4 d5 3. exd5 cxd5 4. Bd3 Nc6 5. c3 g6 6. Bf4 Bg7 7. Nf3 Nh6 8. O-O O-O 9. Re1 f6 10. Bc2 Nf7 11. Na3 a6 12. c4 e5 13. Be3 e4 14. cxd5 exf3 15. dxc6 fxg2 16. Be4 bxc6 17. Bxc6 Rb8 18. Nc4 Bb7 19. d5 Bxc6 20. dxc6 Qc7 21. Qd7 Qxd7 22. cxd7 Rfd8 23. Rad1 Rb7 24. Bc5 Ne5 25. Nxe5 fxe5 26. Re4 1/2-1/2